[Event "Oravska Priehrada op"]
[Site "Namestovo"]
[Date "2017.08.26"]
[Round "4"]
[White "Zicho, Anton"]
[Black "Janik, Marek Tobias"]
[Result "1-0"]
[WhiteElo "1600"]
[BlackElo "1362"]
[PlyCount "57"]
[EventDate "2017.08.25"]
[EventType "swiss"]
[EventRounds "7"]
[EventCountry "SVK"]
[SourceTitle "CBM 180 Extra"]
[Source "ChessBase"]
[SourceDate "2017.10.06"]
[SourceVersion "1"]
[SourceVersionDate "2017.10.06"]
[SourceQuality "1"]

1. e4 e6 2. d4 d5 3. Nd2 c5 4. c3 Nc6 5. Ngf3 Qb6 6. exd5 exd5 7. dxc5 Bxc5 8. Qe2+ Nge7 9. Nb3 Bg4 10. Nxc5 Qxc5 11. Be3 Qd6 12. h3 Bxf3 13. Qxf3 0-0 14. 0-0-0 a6 15. Bd3 Ne5 16. Qe2 Nxd3+ 17. Rxd3 b5 18. Rhd1 Rfc8 19. Rd4 a5 20. Qxb5 Rc5 21. Qb3 Rb8 22. Qa3 Rbc8 23. Kb1 Qg6+ 24. Ka1 Qxg2 25. Rg4 Qf3 26. Rdg1 R5c7 27. Rxg7+ Kh8 28. Bd4 f6 29. Rxe7 1-0

[Event "IPCA Wch 17th"]
[Site "Ruzomberok"]
[Date "2017.06.05"]
[Round "9"]
[White "Konkolova, Nikola"]
[Black "Zicho, Anton"]
[Result "1/2-1/2"]
[WhiteElo "1539"]
[BlackElo "1531"]
[PlyCount "35"]
[EventDate "2017.05.28"]
[EventType "swiss"]
[EventRounds "9"]
[EventCountry "SVK"]
[SourceTitle "EXT 2018"]
[Source "ChessBase"]
[SourceDate "2017.10.13"]
[SourceVersion "1"]
[SourceVersionDate "2017.10.13"]
[SourceQuality "1"]

1. e4 d5 2. exd5 Qxd5 3. Nc3 Qa5 4. Nf3 Nf6 5. d4 e6 6. Bd2 c6 7. Bd3 Qc7 8. 0-0 Nbd7 9. Re1 Be7 10. Qe2 Nb6 11. Ne4 Nbd5 12. c4 Nf4 13. Bxf4 Qxf4 14. Nxf6+ Qxf6 15. Qe5 0-0 16. Qxf6 Bxf6 17. Rad1 Rd8 18. b3 1/2-1/2

[Event "SVK-ch op"]
[Site "Banska Stiavnica"]
[Date "2015.07.12"]
[Round "9"]
[White "Kostolansky, Sebastian Lukas"]
[Black "Zicho, Anton"]
[Result "1-0"]
[WhiteElo "1711"]
[BlackElo "1672"]
[PlyCount "97"]
[EventDate "2015.07.04"]
[EventType "swiss"]
[EventRounds "9"]
[EventCountry "SVK"]
[SourceTitle "CBM 167 Extra"]
[Source "ChessBase"]
[SourceDate "2015.09.14"]
[SourceVersion "1"]
[SourceVersionDate "2015.09.14"]
[SourceQuality "1"]

1. e4 c6 2. d4 d5 3. Nd2 Qa5 4. c3 dxe4 5. Nxe4 Bf5 6. Ng3 Bg6 7. Nf3 Nd7 8. Bd3 0-0-0 9. b4 Qc7 10. 0-0 e5 11. Bxg6 hxg6 12. Qb3 f6 13. a4 Ne7 14. Re1 exd4 15. Nxd4 Qd6 16. Ne6 Re8 17. Bf4 Ne5 18. Rad1 Nd5 19. Nxf8 Rhxf8 20. Be3 Qb8 21. Bc5 Rh8 22. c4 b6 23. cxd5 bxc5 24. f4 c4 25. Qc3 Qb6+ 26. Rd4 Ng4 27. Rxe8+ Rxe8 28. a5 Qb5 29. h3 Ne3 30. d6 Kd7 31. Ne4 Nd5 32. Qxc4 Qxc4 33. Rxc4 f5 34. Nc5+ Kxd6 35. Kf2 Rb8 36. Nd3 Rb7 37. g3 Nf6 38. Ne5 Ne4+ 39. Kg2 Kd5 40. g4 g5 41. Rc2 gxf4 42. Nxc6 fxg4 43. hxg4 g5 44. a6 Rb6 45. b5 Rxb5 46. Nxa7 Nc5 47. Nxb5 Nxa6 48. Nc7+ Nxc7 49. Rxc7 1-0

[Event "SVK-ch op"]
[Site "Banska Stiavnica"]
[Date "2015.07.11"]
[Round "8"]
[White "Zicho, Anton"]
[Black "Komlosi, Frantisek"]
[Result "0-1"]
[WhiteElo "1672"]
[BlackElo "1828"]
[PlyCount "190"]
[EventDate "2015.07.04"]
[EventType "swiss"]
[EventRounds "9"]
[EventCountry "SVK"]
[SourceTitle "CBM 167 Extra"]
[Source "ChessBase"]
[SourceDate "2015.09.14"]
[SourceVersion "1"]
[SourceVersionDate "2015.09.14"]
[SourceQuality "1"]

1. e4 c5 2. Nf3 Nc6 3. d4 cxd4 4. Nxd4 e5 5. Nb5 d6 6. c4 a6 7. N5c3 Nf6 8. Bg5 Be7 9. Nd2 0-0 10. Bd3 Bd7 11. 0-0 Nd4 12. h3 Rc8 13. a4 Bc6 14. Nf3 Ne6 15. Be3 b6 16. b4 a5 17. Nd5 Rb8 18. b5 Bd7 19. Nd2 Nc5 20. Bc2 Be6 21. f4 exf4 22. Bxf4 Nfd7 23. Nf3 Bxd5 24. exd5 f6 25. Nd4 Ne5 26. Bxe5 dxe5 27. Nc6 Qd6 28. Nxb8 Qxb8 29. Qh5 e4 30. Qf5 g6 31. Qf4 Bd6 32. Qe3 Qe8 33. g3 Qe5 34. Kg2 Kg7 35. Rad1 Rf7 36. Rd2 h5 37. h4 Kh7 38. Rff2 Kg7 39. Rfe2 f5 40. Qd4 Kf6 41. Re3 Rc7 42. Rd1 Qxd4 43. Rxd4 Ke5 44. Rd1 Nd7 45. Bb3 Nf6 46. Rc3 Ne8 47. Kf2 Bc5+ 48. Kg2 Nd6 49. Rc2 Rg7 50. Rh1 Rf7 51. Rf1 Ne8 52. Rd2 Kd6 53. Re2 Nf6 54. Bc2 Re7 55. Rf4 Ke5 56. Rf1 Ng4 57. Rfe1 Nf6 58. Rd1 Kd6 59. Red2 Bb4 60. Re2 Nd7 61. Kf2 Ne5 62. Bb3 Rc7 63. Rc2 Nd3+ 64. Ke2 Nc5 65. Rb1 Re7 66. Ke3 Ke5 67. Rcc1 Rf7 68. Rf1 Nd3 69. Bc2 Bc5+ 70. Ke2 Nb4 71. Kd2 Rc7 72. Kc3 Bd6 73. Rg1 Nxd5+ 74. Kb3 Ne3 75. Rbc1 Rxc4 76. Rge1 Rb4+ 77. Kc3 Bc5 78. Bb3 Bd4+ 79. Kd2 Rxb3 80. Rc8 Rb2+ 81. Kc1 Nd5 82. Re8+ Kd6 83. Rd1 Rb4 84. Rd8+ Ke6 85. Re8+ Kd7 86. Rg8 Ne7 87. Rb8 Ke6 88. Rxd4 Rxd4 89. Rxb6+ Kd5 90. Rb7 Nc8 91. Rb8 Nd6 92. Rg8 e3 93. Rg7 e2 94. Re7 Ne4 95. Rd7+ Ke5 0-1

[Event "SVK-ch op"]
[Site "Banska Stiavnica"]
[Date "2015.07.09"]
[Round "6"]
[White "Zicho, Anton"]
[Black "Sevcik, Lubomir"]
[Result "0-1"]
[WhiteElo "1672"]
[BlackElo "1814"]
[PlyCount "70"]
[EventDate "2015.07.04"]
[EventType "swiss"]
[EventRounds "9"]
[EventCountry "SVK"]
[SourceTitle "CBM 167 Extra"]
[Source "ChessBase"]
[SourceDate "2015.09.14"]
[SourceVersion "1"]
[SourceVersionDate "2015.09.14"]
[SourceQuality "1"]

1. e4 e5 2. Nf3 Nf6 3. Nxe5 d6 4. Nf3 Nxe4 5. Be2 d5 6. 0-0 Be7 7. d3 Nf6 8. Bg5 h6 9. Bh4 0-0 10. Nbd2 Bf5 11. d4 Nbd7 12. c3 c6 13. Re1 Bd6 14. Bg3 Bxg3 15. fxg3 Qb6 16. Qb3 Qc7 17. Qd1 Ng4 18. Nf1 Ngf6 19. Bd3 Bg4 20. Qc2 Rae8 21. Ne3 Bh5 22. Re2 Re6 23. Bf5 Re7 24. Rae1 Rfe8 25. Kf1 Ne4 26. Ng4 Qd6 27. Re3 Bxg4 28. Bxe4 dxe4 29. Rxe4 Rxe4 30. Rxe4 Rxe4 31. Qxe4 Be6 32. a3 Qd5 33. Qe3 Qf5 34. Qe2 Nb6 35. Kf2 Nc4 0-1

[Event "IPCA Wch 15th"]
[Site "Bratislava"]
[Date "2015.06.25"]
[Round "8"]
[White "Zicho, Anton"]
[Black "Kestlane, Harry"]
[Result "0-1"]
[WhiteElo "1732"]
[BlackElo "1776"]
[PlyCount "124"]
[EventDate "2015.06.19"]
[EventType "swiss"]
[EventRounds "9"]
[EventCountry "SVK"]
[SourceTitle "CBM 167 Extra"]
[Source "ChessBase"]
[SourceDate "2015.09.14"]
[SourceVersion "1"]
[SourceVersionDate "2015.09.14"]
[SourceQuality "1"]

1. e4 e5 2. Nf3 Nf6 3. Nxe5 d6 4. Nf3 Nxe4 5. Be2 d5 6. d3 Nf6 7. Bg5 Be7 8. 0-0 0-0 9. c3 h6 10. Bh4 Nbd7 11. d4 Re8 12. Re1 Ne4 13. Bxe7 Rxe7 14. Bd3 f5 15. Nbd2 c6 16. Nh4 Rf7 17. Ndf3 Qf6 18. g3 g5 19. Ng2 h5 20. Re2 Rg7 21. Kh1 h4 22. gxh4 g4 23. Nd2 Nf8 24. f3 gxf3 25. Nxf3 Bd7 26. Bxe4 fxe4 27. Ne5 Bg4 28. Nxg4 Rxg4 29. Qf1 Qh6 30. Qf5 Rg7 31. Rf1 Ne6 32. Qe5 Rf8 33. Rxf8+ Nxf8 34. h3 Qc1+ 35. Kh2 Qf1 36. Qh5 Qf3 37. Qxf3 exf3 38. Rf2 fxg2 39. Rxg2 Rxg2+ 40. Kxg2 Ng6 41. Kg3 Kg7 42. Kg4 Kf6 43. h5 Nf8 44. h4 Ne6 45. h6 Nf8 46. h5 Nh7 47. Kf4 Ng5 48. a3 Ne6+ 49. Kg4 Nf8 50. Kf4 b6 51. a4 c5 52. dxc5 bxc5 53. b4 d4 54. cxd4 cxb4 55. Ke4 a5 56. d5 Kg5 57. h7 Nxh7 58. d6 Nf6+ 59. Ke5 b3 60. h6 b2 61. h7 b1Q 62. d7 Nxd7+ 0-1

[Event "IPCA Wch 15th"]
[Site "Bratislava"]
[Date "2015.06.21"]
[Round "3"]
[White "Belak, Stefan"]
[Black "Zicho, Anton"]
[Result "1/2-1/2"]
[WhiteElo "1985"]
[BlackElo "1732"]
[PlyCount "148"]
[EventDate "2015.06.19"]
[EventType "swiss"]
[EventRounds "9"]
[EventCountry "SVK"]
[SourceTitle "CBM 167 Extra"]
[Source "ChessBase"]
[SourceDate "2015.09.14"]
[SourceVersion "1"]
[SourceVersionDate "2015.09.14"]
[SourceQuality "1"]

1. c4 e6 2. Nf3 Nf6 3. b3 d5 4. Bb2 Be7 5. g3 0-0 6. Bg2 Nc6 7. d4 b6 8. cxd5 exd5 9. 0-0 Bb7 10. Nc3 Na5 11. Rc1 c5 12. e3 c4 13. Ne5 Rc8 14. bxc4 Nxc4 15. Nxc4 Rxc4 16. Re1 Bb4 17. Re2 Re8 18. Rec2 Bxc3 19. Rxc3 b5 20. Bf1 Rxc3 21. Bxc3 Qd7 22. Qb3 a6 23. Be1 Rc8 24. Rxc8+ Qxc8 25. Qc3 Ne4 26. Qxc8+ Bxc8 27. Bb4 f5 28. f3 Nf6 29. Bd3 g6 30. Kf2 Kf7 31. Ke1 Ke6 32. Kd1 h5 33. h4 Bb7 34. Kc2 Nd7 35. Ba5 Nb8 36. Kb3 Nc6 37. Be1 Kf6 38. a4 bxa4+ 39. Kxa4 Ke6 40. Bb4 Kf6 41. Bc5 Ke6 42. Bb6 Kf6 43. Be2 Bc8 44. Bc7 Ke7 45. Bb6 Kd6 46. Bc5+ Kc7 47. Bd3 Bd7 48. Ka3 Nb8 49. e4 dxe4 50. fxe4 fxe4 51. Bxe4 Be8 52. d5 Nd7 53. d6+ Kc8 54. Bd4 Nb8 55. Bb6 Nc6 56. Kb3 Kd7 57. Bc7 Nd4+ 58. Kb4 Ne6 59. Bb8 Kc8 60. Ba7 Kd7 61. Bd3 Kxd6 62. Bxa6 Ke5 63. Kc3 Ke4 64. Bb7+ Kf5 65. Bc8 Kf6 66. Be3 Bf7 67. Kd3 Nf8 68. Bd4+ Ke7 69. Bc5+ Ke8 70. Bxf8 Kxf8 71. Ke4 Kg7 72. Kf4 Kf6 73. g4 hxg4 74. Bxg4 Bb3 1/2-1/2

[Event "Piestany op"]
[Site "Piestany"]
[Date "2014.11.19"]
[Round "6"]
[White "Kympergr, Vojtech"]
[Black "Zicho, Anton"]
[Result "0-1"]
[WhiteElo "1473"]
[BlackElo "1664"]
[PlyCount "120"]
[EventDate "2014.11.15"]
[EventType "swiss"]
[EventRounds "8"]
[EventCountry "SVK"]
[SourceTitle "EXT 2023"]
[Source "ChessBase"]
[SourceDate "2022.10.05"]
[SourceVersion "1"]
[SourceVersionDate "2022.10.05"]
[SourceQuality "1"]

1. e4 c6 2. d4 d5 3. e5 Bf5 4. Bd3 Bxd3 5. Qxd3 e6 6. Nf3 Bb4+ 7. c3 Ba5 8. 0-0 Ne7 9. Nbd2 Na6 10. Nb3 Bc7 11. Bg5 h6 12. Bh4 Qc8 13. Bxe7 Kxe7 14. h3 b6 15. Rac1 c5 16. Qe3 c4 17. Nbd2 b5 18. b4 Nb8 19. Ra1 a5 20. a4 axb4 21. axb5 Rxa1 22. Rxa1 b3 23. Ra7 Nd7 24. Nb1 Qb8 25. Ra3 Qxb5 26. Qe2 Nb6 27. Nfd2 Qc6 28. Qg4 Ra8 29. Rxa8 Qxa8 30. Qxg7 Qf8 31. Qf6+ Kd7 32. Qf3 Na4 33. Kf1 Ba5 34. Nxc4 dxc4 35. Qb7+ Bc7 36. Qb5+ Ke7 37. Qb4+ Ke8 38. Qxa4+ Kd8 39. Qxc4 Qg8 40. Qxb3 Qg5 41. Qc2 Ke7 42. Nd2 Qf4 43. Nf3 Kd7 44. Qd2 Qf5 45. Ke2 Qe4+ 46. Kf1 Qb1+ 47. Ne1 Ba5 48. Qc2 Qb5+ 49. c4 Qb4 50. Qc1 Qb3 51. Qc2 Qa3 52. Nf3 Bc3 53. Ke2 Kc6 54. Qe4+ Kb6 55. Qb1+ Bb2 56. Qd3 Qa2 57. Ke3 Bc1+ 58. Ke4 Qxf2 59. Qb3+ Kc7 60. Qc3 Qe2+ 0-1

[Event "Piestany op"]
[Site "Piestany"]
[Date "2014.11.17"]
[Round "4"]
[White "Miciak, Emanuel"]
[Black "Zicho, Anton"]
[Result "1-0"]
[WhiteElo "1882"]
[BlackElo "1664"]
[PlyCount "69"]
[EventDate "2014.11.15"]
[EventType "swiss"]
[EventRounds "8"]
[EventCountry "SVK"]
[SourceTitle "EXT 2023"]
[Source "ChessBase"]
[SourceDate "2022.10.05"]
[SourceVersion "1"]
[SourceVersionDate "2022.10.05"]
[SourceQuality "1"]

1. d4 d5 2. c4 e6 3. Nf3 Nf6 4. Bg5 h6 5. Bh4 dxc4 6. Qa4+ Bd7 7. Qxc4 Be7 8. Nc3 Nc6 9. e3 a6 10. a3 0-0 11. Be2 Na5 12. Qa2 b5 13. b4 Nb7 14. Ne5 Be8 15. Bf3 Rb8 16. 0-0 Qd6 17. Bg3 Qb6 18. Rac1 Rc8 19. Ne4 Nxe4 20. Bxe4 Bd6 21. Rc3 Nd8 22. Rfc1 f6 23. Nc6 Bxc6 24. Bxc6 Bxg3 25. hxg3 Rf7 26. Qc2 Re7 27. d5 e5 28. d6 Rf7 29. d7 Rb8 30. Bd5 Kf8 31. Bxf7 Nxf7 32. Rc6 Qa7 33. Rxc7 Qa8 34. Rc8+ Nd8 35. Qc7 1-0

[Event "Piestany op"]
[Site "Piestany"]
[Date "2014.11.15"]
[Round "1"]
[White "Zicho, Anton"]
[Black "Gombar, Peter"]
[Result "1/2-1/2"]
[WhiteElo "1664"]
[BlackElo "1994"]
[PlyCount "92"]
[EventDate "2014.11.15"]
[EventType "swiss"]
[EventRounds "8"]
[EventCountry "SVK"]
[SourceTitle "EXT 2023"]
[Source "ChessBase"]
[SourceDate "2022.10.05"]
[SourceVersion "1"]
[SourceVersionDate "2022.10.05"]
[SourceQuality "1"]

1. e4 e5 2. Nf3 Nc6 3. Bb5 a6 4. Ba4 Nf6 5. 0-0 b5 6. Bb3 Be7 7. Re1 0-0 8. c3 d6 9. d4 Bg4 10. d5 Na5 11. Bc2 c5 12. b4 cxb4 13. cxb4 Nc4 14. Nbd2 Rc8 15. Bd3 Nb6 16. Nb3 Na4 17. Na5 Bd7 18. Bc2 Nb6 19. Bd3 h6 20. Nd2 Nh7 21. Bb2 Na4 22. Qb3 Nxb2 23. Qxb2 Qb6 24. Rac1 Nf6 25. h3 Nh5 26. Rxc8 Rxc8 27. Rc1 Rxc1+ 28. Qxc1 Bh4 29. Qf1 Nf4 30. Bb1 Bf6 31. Nab3 Qc7 32. Kh2 Bg5 33. Nf3 Qc3 34. h4 Bf6 35. Nfd2 Bd8 36. g3 Ng6 37. a3 Bb6 38. f3 Be3 39. Qd3 Bxd2 40. Nxd2 Qc1 41. Nf1 Qe1 42. Ne3 h5 43. Ng2 Qf2 44. Qe3 Qf1 45. Bd3 Qd1 46. Be2 Qc2 1/2-1/2

[Event "Piestany op"]
[Site "Piestany"]
[Date "2013.11.19"]
[Round "3"]
[White "Zicho, Anton"]
[Black "Dubnicka, Ferdinand"]
[Result "1/2-1/2"]
[WhiteElo "1594"]
[BlackElo "1000"]
[PlyCount "251"]
[EventDate "2013.11.18"]
[EventType "swiss"]
[EventRounds "7"]
[EventCountry "SVK"]
[SourceTitle "CBM 157 Extra"]
[Source "ChessBase"]
[SourceDate "2013.12.19"]
[SourceVersion "1"]
[SourceVersionDate "2013.12.19"]
[SourceQuality "1"]

1. e4 g6 2. d4 Bg7 3. Nc3 Nc6 4. Nf3 d6 5. h3 a6 6. Bg5 Bd7 7. Qd2 f6 8. Be3 b5 9. a3 e6 10. Be2 Nge7 11. 0-0 0-0 12. Nh2 Na5 13. b3 Qc8 14. Rad1 Rf7 15. f4 f5 16. e5 d5 17. Bf3 Nec6 18. Be2 Na7 19. Nxd5 exd5 20. Qxa5 Nc6 21. Qd2 Be6 22. Nf3 h6 23. b4 Rb8 24. Ne1 Qd7 25. Nd3 Bf8 26. c3 Na7 27. Qb2 Nc8 28. Rb1 Nb6 29. Qc1 Nc4 30. Bf2 Kh7 31. Ra1 Be7 32. h4 Rg8 33. Nc5 Bxc5 34. bxc5 c6 35. Bxc4 dxc4 36. Be3 Bd5 37. Kh2 Be4 38. g3 Qd5 39. a4 Ra7 40. axb5 cxb5 41. Ra5 Rb8 42. Qa3 Qc6 43. Ra1 Rba8 44. Qb2 h5 45. R1a3 Bd3 46. Bf2 Qf3 47. Kg1 Be4 48. Kf1 Qg2+ 49. Ke2 Bd3+ 50. Kd1 Qf1+ 51. Be1 Qf3+ 52. Kc1 Qf1 53. Qd2 Qf3 54. Qf2 Qe4 55. Ra1 Be2 56. Bd2 Bd3 57. Kb2 Qd5 58. Qe1 Be4 59. Be3 Qc6 60. Qd2 Rb8 61. Rd1 Bd3 62. Qe1 Qc7 63. Rda1 Qc6 64. Bd2 Be4 65. Qe3 Rba8 66. Be1 Bh1 67. Rd1 Qc7 68. Rda1 Be4 69. Bf2 Qb7 70. Rd1 b4 71. Rda1 bxc3+ 72. Kxc3 Qb3+ 73. Kd2 Qc2+ 74. Ke1 Rb8 75. Rc1 Rb1 76. Ra1 Rab7 77. Qd2 Rxc1+ 78. Rxc1 Qxd2+ 79. Kxd2 Bd3 80. Re1 Rb2+ 81. Ke3 Kg7 82. d5 Be4 83. Kd4 Rxf2 84. d6 Kf7 85. Rxe4 fxe4 86. c6 Ke8 87. c7 Kd7 88. e6+ Kc8 89. e7 Rd2+ 90. Kc3 Rxd6 91. e8Q+ Kxc7 92. Qxe4 Rc6 93. Qd4 Kb7 94. Qd7+ Kb6 95. f5 gxf5 96. Qxf5 Rc5 97. Qe6+ Rc6 98. Qf7 Rc5 99. Qe7 a5 100. Kd4 Rc6 101. Qd8+ Kb5 102. Qb8+ Ka6 103. Qe8 Kb6 104. Qxh5 c3 105. Qg5 c2 106. Qc1 a4 107. Kd3 a3 108. Qxc2 Rxc2 109. Kxc2 Kc6 110. Kb3 Kd6 111. Kxa3 Ke6 112. Kb3 Kf5 113. Kc3 Kg4 114. Kd4 Kh5 115. Ke4 Kh6 116. g4 Kg6 117. Ke5 Kh6 118. Kf5 Kg7 119. g5 Kh7 120. Kf6 Kg8 121. Kg6 Kh8 122. h5 Kg8 123. Kf6 Kf8 124. g6 Kg8 125. h6 Kh8 126. h7 1/2-1/2